Sports Quiz

Random Sports or Basketball Quiz

NBA Teams Point Leaders (2000s) Quiz Stats

 Plays Quiz Updated Mar 8, 2017

Support Sporcle.
Go Orange.
Score 0/150 Timer 15:00
17 Plays Today
Team Players % Correct
ClevelandLebron James
96.3%
BostonPaul Pierce
94.3%
MinnesotaKevin Garnett
94.2%
LA LakersKobe Bryant
93.5%
LA LakersShaquille O'neal
91.3%
MiamiShaquille O'neal
91.3%
BostonRay Allen
91.2%
MilwaukeeRay Allen
91.2%
Oklahoma City - SeattleRay Allen
91.2%
MiamiDwyane Wade
91.1%
IndianaJermaine O'neal
90.5%
PhiladelphiaAllen Iverson
89.3%
San AntonioTim Duncan
88.8%
DallasSteve Nash
88.7%
DenverCarmelo Anthony
88.7%
PhoenixSteve Nash
88.7%
DallasDirk Nowitzki
87.3%
DetroitRasheed Wallace
85.5%
PortlandRasheed Wallace
85.5%
San AntonioTony Parker
85.3%
CharlotteGerald Wallace
85.3%
HoustonTracy McGrady
85.2%
OrlandoTracy McGrady
85.2%
AtlantaJoe Johnson
85.2%
New JerseyVince Carter
84.3%
TorontoVince Carter
84.3%
New OrleansChris Paul
83.6%
New JerseyJason Kidd
83.3%
HoustonYao Ming
83.2%
DetroitChauncey Billups
81.4%
AtlantaMarvin Williams
81.1%
TorontoAlvin Williams
81.1%
OrlandoDwight Howard
80.6%
MemphisPau Gasol
80.1%
DallasJosh Howard
80%
AtlantaJosh Smith
78.8%
Oklahoma City - SeattleKevin Durant
78.3%
DetroitRichard Hamilton
77%
IndianaReggie Miller
77%
ClevelandAndre Miller
76.5%
DenverAndre Miller
76.5%
MemphisMike Miller
76.4%
SacramentoBrad Miller
76.5%
TorontoChris Bosh
75.8%
Golden StateBaron Davis
75.5%
New OrleansBaron Davis
75.5%
WashingtonGilbert Arenas
75.5%
BostonRicky Davis
74.9%
TorontoAntonio Davis
74.7%
San AntonioManu Ginobili
72.7%
Team Players % Correct
PhoenixAmare Stoudemire
72.5%
UtahKarl Malone
70.7%
New OrleansDavid West
68.2%
San AntonioDavid Robinson
68.2%
MilwaukeeGlenn Robinson
67.9%
SacramentoChris Webber
66.9%
MilwaukeeMichael Redd
66%
UtahCarlos Boozer
65.9%
LA ClippersElton Brand
65.8%
SacramentoMike Bibby
65.4%
New JerseyRichard Jefferson
64.1%
MinnesotaAl Jefferson
64%
Golden StateAntawn Jamison
63.4%
WashingtonAntawn Jamison
63.4%
ChicagoBen Gordon
63.3%
DetroitTayshaun Prince
63.1%
PhoenixShawn Marion
61.8%
LA LakersDerek Fisher
61.1%
BostonAntoine Walker
60%
Oklahoma City - SeattleGary Payton
58.7%
Oklahoma City - SeattleRashard Lewis
57.7%
New YorkStephon Marbury
57.1%
PhoenixStephon Marbury
57.1%
PortlandBrandon Roy
55.4%
AtlantaJason Terry
55.3%
DallasJason Terry
55.3%
New JerseyKenyon Martin
55.2%
SacramentoKevin Martin
55.1%
SacramentoPeja Stojakovic
54.8%
ChicagoLuol Deng
53.5%
LA ClippersLamar Odom
52.5%
LA LakersLamar Odom
52.5%
Golden StateJason Richardson
52.3%
ClevelandZydrunas Ilgauskas
51.4%
ChicagoEddy Curry
50.6%
PhiladelphiaAndre Iguodala
50%
HoustonSteve Francis
49.8%
ChicagoKirk Hinrich
48.9%
PortlandZach Randolph
48.6%
CharlotteEmeka Okafor
48.3%
New YorkAllan Houston
47.6%
UtahAndrei Kirilenko
47.1%
MiamiAlonzo Mourning
46.3%
WashingtonCaron Butler
46.2%
New YorkLatrell Sprewell
46.1%
IndianaDanny Granger
46%
MemphisRudy Gay
44.6%
OrlandoJameer Nelson
44%
MiamiEddie Jones
43.2%
DallasMichael Finley
42.2%
Team Players % Correct
MilwaukeeSam Cassell
41.6%
CharlotteRaymond Felton
40.2%
MiamiUdonis Haslem
40.1%
DetroitJerry Stackhouse
38.4%
PortlandDamon Stoudamire
38.1%
New YorkJamal Crawford
38%
DenverMarcus Camby
35.6%
UtahMehmet Okur
35.3%
OrlandoHedo Turkoglu
34.7%
MilwaukeeTim Thomas
34.4%
New YorkKurt Thomas
34.4%
LA LakersRick Fox
33.9%
San AntonioBruce Bowen
33.6%
LA ClippersCorey Maggette
33.3%
DenverNene Hilario
33.2%
LA ClippersChris Kaman
32.7%
MemphisShane Battier
29.5%
PhiladelphiaEric Snow
28.9%
New OrleansP. J. Brown
28.2%
HoustonCuttino Mobley
28.2%
LA ClippersCuttino Mobley
28.2%
WashingtonLarry Hughes
27.3%
AtlantaShareef Abdur-Rahim
26.1%
MinnesotaWally Szczerbiak
24.4%
IndianaAl Harrington
23.6%
IndianaJamaal Tinsley
22.5%
PhiladelphiaSamuel Dalembert
22.5%
PhoenixLeandro Barbosa
20.7%
Golden StateMike Dunleavy
20.6%
TorontoMorris Peterson
20%
Golden StateTroy Murphy
19.2%
WashingtonBrendan Haywood
19.2%
New JerseyKerry Kittles
19.1%
ClevelandDrew Gooden
17.4%
DenverNick Van Exel
17.3%
PhiladelphiaAaron Mckie
16.9%
New OrleansDavid Wesley
16.2%
UtahMatt Harpring
16.1%
PortlandBonzi Wells
14.6%
HoustonRafer Alston
14.4%
Oklahoma City - SeattleBrent Barry
12.4%
MinnesotaTerrell Brandon
12.3%
ChicagoAndres Nocioni
11.7%
CharlottePrimoz Brezec
11.1%
MemphisStromile Swift
10%
OrlandoDarrell Armstrong
9.5%
BostonMark Blount
8.9%
ClevelandLamond Murray
8.8%
CharlotteMatt Carroll
8.6%
MinnesotaAnthony Peeler
5.9%

From the Vault

Song by Duet Image

by senordingdong

Music 6m
Teamwork makes the dream work.
Remove Ads.
Support Sporcle.
Get the best of Sporcle when you Go Orange. This ad-free experience offers more features, more stats, and more fun while also helping to support Sporcle. Thank you for becoming a member.

Show Comments

Extras

Top Quizzes Today


Score Distribution

Your Account Isn't Verified!

In order to create a playlist on Sporcle, you need to verify the email address you used during registration. Go to your Sporcle Settings to finish the process.

Report this User

Report this user for behavior that violates our Community Guidelines.

Details: